المراهق و الانحراف / (Record no. 114839)

MARC details
000 -الفاتح
عناصر البيانات ثابتة الطول 00656cam a2200205 i 4500
005 - تاريخ ووقت آخر معاملة
حقل ضبط 20260112115858.0
008 - عناصر البيانات ثابتة الطول
عناصر البيانات ثابتة الطول 250721s9999 le gr 000 0 ara d
020 ## - الترقيم الدولي المعياري للكتب (ردمك)
الترقيم الدولي المعياري للكتب (ردمك) 9953722021
082 14 - رقم تصنيف ديوي العشري
رقم التصنيف 305.2
رقم المادة ر ز ق
100 1# - مدخل رئيسي – اسم شخصي
الاسم الشخصي رزق، هيام محمود
علاقة الشخص بالعمل/ دوره مؤلف.
245 12 - بيان العنوان
العنوان المراهق و الانحراف /
264 31 - بيانات النشر، التوزيع…إلخ
مكان النشر، التوزيع...إلخ بيروت :
اسم الناشر، الموزع...إلخ دار القلم للطباعة و النشر و التوزيع،
تاريخ النشر، التوزيع...إلخ [200-].
300 ## - الوصف المادي
عدد الوحدات المكونة للوعاء 124 صفحه.
490 0# - بيان السلسلة
عنوان السلسلة المراهق.
650 17 - مدخل إضافي بالموضوع - مصطلح موضوعي
مصطلح موضوعي أو اسم جغرافي كعنصر مدخل المراهقه.
650 17 - مدخل إضافي بالموضوع - مصطلح موضوعي
مصطلح موضوعي أو اسم جغرافي كعنصر مدخل المراهقون.
650 17 - مدخل إضافي بالموضوع - مصطلح موضوعي
مصطلح موضوعي أو اسم جغرافي كعنصر مدخل علم الاجتماع.
942 ## - بيانات إضافية (كوها)
نوع التنصيف Dewey Decimal Classification
نوع المادة (كوها) Books
Holdings
حالة السحب حالة الفقدان مصدر التصنيف حالة التلف غير قابل للإعارة المكتبة الرئيسية المكتبة الحالية موقع الرف تاريخ التزويد الرقم المتسلسل Total Checkouts رقم الإستدعاء الباركود تاريخ آخر ظهور تاريخ الفاتورة نوع المادة (كوها)
    Dewey Decimal Classification     المكتبة المركزية المكتبة المركزية الإعارة 28/07/2025 1244095   305.2 / ر ز ق PLD00050346 28/07/2025 28/07/2025 Books
    Dewey Decimal Classification     مكتبة أبو علندا العامة مكتبة أبو علندا العامة الإعارة 16/11/2008 1244102   305.2/رزق PLD00051136 28/07/2025 16/11/2008 Books
    Dewey Decimal Classification     مكتبة الأميرة ايمان العامة مكتبة الأميرة ايمان العامة الإعارة 16/11/2008 1244103   305.2/رزق PLD00051137 28/07/2025 16/11/2008 Books
Withdrawn   Dewey Decimal Classification     مكتبة الاميرة بديعة مكتبة الاميرة بديعة الإعارة 16/11/2008 1244104   305.2/رزق PLD00051138 28/07/2025 16/11/2008 Books
    Dewey Decimal Classification     مكتبة وادي السير العامة مكتبة وادي السير العامة الإعارة 16/11/2008 1244101   305.2/رزق PLD00051135 28/07/2025 16/11/2008 Books
Implemented & Customized by: BBB with SCIT (Smart Chains for Information Technology)

Powered by Koha